Statistics for Billy Joel Lyrics Quiz (Part 49)

Click here to take the quiz!

General Stats

  • This quiz has been taken 17 times
    (14 since last reset)
  • The average score is 202 of 288

Answer Stats

Answer% Correct
a
100%
I
100%
we
100%
You
100%
you
100%
And
90%
and
90%
be
90%
by
90%
can't
90%
in
90%
know
90%
The
90%
the
90%
to
90%
When
90%
your
90%
Don't
80%
have
80%
he
80%
her
80%
it,
80%
It
80%
it
80%
love
80%
me
80%
now
80%
see
80%
She
80%
so
80%
then
80%
Then
80%
been
70%
came
70%
could
70%
Did
70%
done
70%
home
70%
How
70%
is
70%
not
70%
on
70%
saw
70%
should
70%
some
70%
Some
70%
tell
70%
That
70%
them
70%
There
70%
there
70%
why
70%
Why
70%
will
70%
yourself?
70%
yourself
70%
You've
70%
afraid
60%
again
60%
all
60%
always
60%
are
60%
away
60%
believe
60%
But
60%
comes
60%
disregard
60%
else?
60%
even
60%
ever
60%
Every
60%
everyone
60%
Everyone
60%
face
60%
faces
60%
for
60%
forever
60%
goes
60%
gone
60%
has
60%
lover
60%
never
60%
out
60%
recognize
60%
show
60%
someone
60%
stranger
60%
They're
60%
try
60%
was
60%
were
60%
woman
60%
answer
50%
between
50%
danger
50%
evil
50%
eyes
50%
fall
50%
felt
50%
give
50%
great
50%
hide
50%
isn't
50%
let
50%
many
50%
of
50%
pressed
50%
reason
50%
refused
50%
right
50%
romancer
50%
satin
50%
silk
50%
south
50%
steel
50%
such
50%
surprised
50%
take
50%
understand
50%
used
50%
Well
50%
Well,
50%
wrong
50%
along.
40%
desire
40%
drown
40%
fire
40%
good
40%
inspired
40%
intentions
40%
Kick
40%
leather
40%
may
40%
Once
40%
ourselves
40%
quench
40%
secrets
40%
share
40%
Though
40%
You'll
40%

Score Distribution

Percentile by Number Answered

Percent of People with Each Score

Your Score History

You have not taken this quiz since the last reset